| 000 | 01074nam0a22002651 4500 | ||
|---|---|---|---|
| 001 | v19\rc\2038064 | ||
| 005 | 20260406220350.0 | ||
| 035 | _a(NLR Aleph) 005116061 | ||
| 090 |
_a7544278 _c7544278 |
||
| 100 | _a20080925d1917 u y0rusy50 ca | ||
| 101 | 0 | _arus | |
| 102 | _aRU | ||
| 105 | _ay z ||||| | ||
| 200 | 1 |
_aУстав Общества потребителей м. Буки, Багвянской волости, Уманского уезда, Киев. губ. _e[Утв. 26 июля 1916 г.] |
|
| 210 |
_aМосква Тальное _d[1917] |
||
| 215 | _a30 с. | ||
| 532 | 1 | 2 | _aУстав Общества потребителей местечка Буки, Багвянской волости, Уманского уезда, Киев. губ. |
| 710 | 0 | 2 |
_aОбщество потребителей м. Буки _cКиевск. губ. _3RU\NLR\AUTH\889974742 _9446450 |
| 801 | 0 |
_aRU _bNLR _gpsbo |
|
| 801 | 0 |
_aRU _bRuMoRGB _2psbo |
|
| 801 | 1 |
_aRU _bProSoft-M _2rusmarc |
|
| 852 |
_aNLR _j34.106.8.377 |
||
| 899 |
_aRuMoRGB _jV 112/3116 |
||
| 942 | _cBOOK | ||
| 980 | _aNB | ||